<?xml version="1.0" encoding="UTF-8"?>
<record
    xmlns:xsi="http://www.w3.org/2001/XMLSchema-instance"
    xsi:schemaLocation="http://www.loc.gov/MARC21/slim http://www.loc.gov/standards/marcxml/schema/MARC21slim.xsd"
    xmlns="http://www.loc.gov/MARC21/slim">

  <leader>02569cam a22003255a 4500</leader>
  <controlfield tag="001">2332821</controlfield>
  <controlfield tag="003">EG-ScBUE</controlfield>
  <controlfield tag="005">20220410102705.0</controlfield>
  <controlfield tag="008">820810r20131983enk    f b    001 0 eng d</controlfield>
  <datafield tag="020" ind1=" " ind2=" ">
    <subfield code="a">9780521294140 </subfield>
  </datafield>
  <datafield tag="040" ind1=" " ind2=" ">
    <subfield code="a">DLC</subfield>
    <subfield code="b">eng</subfield>
    <subfield code="e">rda</subfield>
    <subfield code="c">DLC</subfield>
    <subfield code="d">EG-ScBUE </subfield>
  </datafield>
  <datafield tag="082" ind1="0" ind2="4">
    <subfield code="2">22</subfield>
    <subfield code="a">401.41</subfield>
    <subfield code="b">LEV</subfield>
  </datafield>
  <datafield tag="100" ind1="1" ind2=" ">
    <subfield code="a">Levinson, Stephen C.,</subfield>
    <subfield code="e">author.</subfield>
    <subfield code="9">40511</subfield>
  </datafield>
  <datafield tag="245" ind1="1" ind2="0">
    <subfield code="a">Pragmatics /</subfield>
    <subfield code="c">Stephen C. Levinson.</subfield>
  </datafield>
  <datafield tag="250" ind1=" " ind2=" ">
    <subfield code="a">Twenty-third printing.</subfield>
  </datafield>
  <datafield tag="264" ind1=" " ind2="1">
    <subfield code="a">Cambridge :</subfield>
    <subfield code="b">Cambridge University Press,</subfield>
    <subfield code="c">2013.</subfield>
  </datafield>
  <datafield tag="300" ind1=" " ind2=" ">
    <subfield code="a">xvi, 420 pages :</subfield>
    <subfield code="b">illustrations ;</subfield>
    <subfield code="c">24 cm.</subfield>
  </datafield>
  <datafield tag="336" ind1=" " ind2=" ">
    <subfield code="2">rdacontent</subfield>
    <subfield code="a">text</subfield>
    <subfield code="b">txt</subfield>
  </datafield>
  <datafield tag="337" ind1=" " ind2=" ">
    <subfield code="2">rdamedia</subfield>
    <subfield code="a">unmediated</subfield>
    <subfield code="b">n</subfield>
  </datafield>
  <datafield tag="338" ind1=" " ind2=" ">
    <subfield code="2">rdacarrier</subfield>
    <subfield code="a">volume</subfield>
    <subfield code="b">nc</subfield>
  </datafield>
  <datafield tag="490" ind1="0" ind2=" ">
    <subfield code="a">Cambridge textbooks in linguistics</subfield>
  </datafield>
  <datafield tag="504" ind1=" " ind2=" ">
    <subfield code="a">Includes bibliographical references and index.</subfield>
  </datafield>
  <datafield tag="505" ind1=" " ind2=" ">
    <subfield code="a">The scope of pragmatics --  Deixis --  Conversational implicature --  Presupposition --  Speech acts --  Conversational structure --  Conclusions.</subfield>
  </datafield>
  <datafield tag="520" ind1=" " ind2=" ">
    <subfield code="a">Those aspects of language use that are crucial to an understanding of language as a system, and especially to an understanding of meaning, are the acknowledged concern of linguistic pragmatics. Yet until now much of the work in this field has not been easily accessible to the student, and was often written at an intimidating level of technicality. In this textbook, however, Dr Levinson has provided a lucid and integrative analysis of the central topics in pragmatics - deixis, implicature, presupposition, speech acts, and conversational structure. A central concern of the book is the relation between pragmatics and semantics, and Dr Levinson shows clearly how a pragmatic approach can resolve some of the problems semantics have been confronting and simplifying semantic analyses. The complexity of these issues is not disguised, but the exposition is always clear and supported by helpful exemplification. The detailed analyses of selected topics give the student a clear view of the empirical rigour demanded by the study of linguistic pragmatics, but Dr Levinson never loses sight of the rich diversity of the subject. An introduction and conclusion relate pragmatics to other fields in linguistics and other disciplines concerned with language usage - psychology, philosophy, anthropology and literature. Many students in these disciplines, as well as students of linguistics, will find this a valuable textbook.  </subfield>
  </datafield>
  <datafield tag="650" ind1=" " ind2="7">
    <subfield code="a">Pragmatics.</subfield>
    <subfield code="2">BUEsh</subfield>
    <subfield code="9">37316</subfield>
  </datafield>
  <datafield tag="651" ind1=" " ind2=" ">
    <subfield code="2">BUEsh</subfield>
  </datafield>
  <datafield tag="653" ind1=" " ind2=" ">
    <subfield code="c">July2016</subfield>
    <subfield code="c">September2016</subfield>
  </datafield>
  <datafield tag="655" ind1=" " ind2=" ">
    <subfield code="v">Reading book</subfield>
    <subfield code="9">34232</subfield>
  </datafield>
  <datafield tag="942" ind1=" " ind2=" ">
    <subfield code="2">ddc</subfield>
    <subfield code="e">22</subfield>
    <subfield code="k">401.41 LEV</subfield>
    <subfield code="c">BB</subfield>
  </datafield>
  <datafield tag="999" ind1=" " ind2=" ">
    <subfield code="c">22058</subfield>
    <subfield code="d">22030</subfield>
  </datafield>
  <datafield tag="952" ind1=" " ind2=" ">
    <subfield code="0">0</subfield>
    <subfield code="1">0</subfield>
    <subfield code="2">ddc</subfield>
    <subfield code="4">0</subfield>
    <subfield code="7">0</subfield>
    <subfield code="8">Baccah</subfield>
    <subfield code="a">MAIN</subfield>
    <subfield code="b">MAIN</subfield>
    <subfield code="c">2ND</subfield>
    <subfield code="d">2016-07-28</subfield>
    <subfield code="e">Purchase</subfield>
    <subfield code="g">467.00</subfield>
    <subfield code="h">25868</subfield>
    <subfield code="l">0</subfield>
    <subfield code="o">401.41 LEV</subfield>
    <subfield code="p">000033065</subfield>
    <subfield code="r">2025-07-15 00:00:00</subfield>
    <subfield code="v">584.00</subfield>
    <subfield code="y">BB</subfield>
  </datafield>
  <datafield tag="952" ind1=" " ind2=" ">
    <subfield code="0">0</subfield>
    <subfield code="1">0</subfield>
    <subfield code="2">ddc</subfield>
    <subfield code="4">0</subfield>
    <subfield code="7">0</subfield>
    <subfield code="8">Baccah</subfield>
    <subfield code="a">MAIN</subfield>
    <subfield code="b">MAIN</subfield>
    <subfield code="c">2ND</subfield>
    <subfield code="d">2016-09-04</subfield>
    <subfield code="e">Purchase</subfield>
    <subfield code="g">496.00</subfield>
    <subfield code="h">26103</subfield>
    <subfield code="l">1</subfield>
    <subfield code="m">9</subfield>
    <subfield code="o">401.41 LEV</subfield>
    <subfield code="p">000033529</subfield>
    <subfield code="r">2025-07-15 00:00:00</subfield>
    <subfield code="s">2017-12-20</subfield>
    <subfield code="v">620.00</subfield>
    <subfield code="w">2016-09-04</subfield>
    <subfield code="y">BB</subfield>
  </datafield>
</record>
